Conflict and growth in Africa <the> Sahel

Gespeichert in:
Bibliographische Detailangaben
1. Verfasser: Azam, Jean-Paul
Körperschaft: OECD. Development Centre
Weitere Verfasser: Morrisson, Christian
Format: Buch
Sprache:Englisch
Veröffentlicht: Paris OECD 1999
Schriftenreihe:Development Centre studies
Schlagworte:
Tags: Tag hinzufügen
Keine Tags, Fügen Sie das erste Tag hinzu!

MARC

LEADER 00000nam a2200000 4500
001 c120026
005 20221108121328.3
020 |a 92-64-17101-0 
041 0 |a eng 
044 |a FR 
245 1 0 |a Conflict and growth in Africa  |b <the> Sahel  |c by Jean-Paul Azam and Christian Morrisson 
264 1 |a Paris  |b OECD  |c 1999 
300 |a 182 s. 
490 1 |a Development Centre studies 
830 0 |a Development Centre studies 
610 2 0 |a rast hospodársky 
610 2 0 |a stabilita hospodárstva 
610 2 0 |a nestabilita politická 
610 2 0 |a Afrika 
610 2 0 |a produkt domáci hrubý 
610 2 0 |a financie verejné 
610 2 0 |a poľnohospodárstvo 
610 2 0 |a OECD 
100 1 |a Azam, Jean-Paul 
700 1 |a Morrisson, Christian 
710 2 |a OECD. Development Centre